000 00917nam a22002777a 4500
001 BR8404114
003 BR-BrBNA
005 20230928092012.0
007 ta
008 230509b bl.||||| |||| 00| 0 por d
040 _aBR-BrBNA
_bpor
_cBiblioteca Nacional de Agricultura
041 _a(Por)
072 _aE16
_b0180
_b0336
_b/G514
090 _ 0180 BR8404114
110 1 _aFederacao das Cooperativas de Trigo e Soja do Rio Grande do Sul Ltda., Porto Alegre (Brasil)
_94625
245 1 _aCusto de producao. Lavouras em sucessao. Trigo - estimativa safra 1985. Soja - revisao safra 1984/85 [Rio Grande do Sul, Brasil]
_bAno 23 - Estudo no. 35
260 3 _aPorto Alegre, RS (Brasil):
_c1984.
300 _a38 p.
500 _a35 tables; 17 ref.
650 _aTRIGO
650 _aSOJA
650 _aCUSTO DE PRODUCAO
650 _aRIO GRANDE DO SUL
909 _a202309
_bLucia
_c55
_dLucia Elande
942 _cBK
999 _c36642
_d36642